SPSS for windows : made simple

Saved in:
Bibliographic Details
Main Author: Kinnear, Paul R.
Other Authors: Gray, Colin D.
Format: Book
Language:English
Published: Hove : Psychology Press, 1994
Subjects:
Tags: Add Tag
No Tags, Be the first to tag this record!

MARC

LEADER 00000nam a2200000 i 4500
001 1/78858
008 980209s1994 eng d
020 |a 0-86377-350-8 
035 |a 1997  |b 3  |c Αγορά/Τσολακίδης  |l 10033033 
040 |a GR-MY-UA  |b gre  |e aacr 
041 0 |a eng 
082 0 |a 519.507855369 
100 1 |a Kinnear, Paul R. 
245 1 0 |a SPSS for windows :  |b made simple /  |c Paul R. Kinnear, Colin D. Gray 
260 |a Hove :   |b Psychology Press,   |c 1994 
300 |a 275 p. 
630 0 0 |a SPSS (Computer file) 
650 0 0 |a Social sciences  |x Statistical methods  |x Computer programs. 
700 1 |a Gray, Colin D. 
852 |a INST  |b RHODES  |e 19980209  |h 519.507855369 KIN  |p 005400011246  |q 005400011246  |t BK  |y 0 
901 |a BIBL-1998-1 
909 |a Ρ  |b 051428  |c 1997